Análisis de funcionamiento vial de la carretera principal en el sector de San Rafael de Escazú
محفوظ في:
| المؤلف الرئيسي: | |
|---|---|
| التنسيق: | كتاب |
| منشور في: |
[San José , Costa Rica]
1996
|
| الموضوعات: | |
| الوسوم: |
إضافة وسم
لا توجد وسوم, كن أول من يضع وسما على هذه التسجيلة!
|
MARC
| LEADER | 00000nam a2200000Ia 4500 | ||
|---|---|---|---|
| 003 | 007829 | ||
| 005 | 20221231144249.0 | ||
| 008 | 140114s1996 cr a m 000 ||s d | ||
| 040 | |c cru CEDI | ||
| 090 | |a TFG 3401 | ||
| 100 | |a Heilbron Carazo, Donald |9 10486 | ||
| 245 | |a Análisis de funcionamiento vial de la carretera principal en el sector de San Rafael de Escazú | ||
| 260 | |c 1996 |a [San José , Costa Rica] | ||
| 300 | |a viii, [222] hojas | ||
| 500 | |a Proyecto de graduación (licenciatura en ingeniería civil)--Universidad de Costa Rica. Facultad de Ingeniería. Escuela de Ingeniería Civil | ||
| 650 | |x INGENIERIA DEL TRANSITO - SAN RAFAEL (ESCAZU, SAN JOSE, COSTA RICA) |x CAMINOS -- INTERCAMBIOS E INTERSECCIONES |9 10487 | ||
| 942 | |c TFG | ||
| 999 | |c 19277 |d 19277 | ||
